| Tag |
First Indicator |
Second Indicator |
Subfields |
| LEADER |
00000cam a2200000I 4500 |
| 001 |
in00001627321 |
| 005 |
20151023065555.0 |
| 008 |
940524s1967 uy 000 0 spa d |
| 035 |
|
|
|a (OCoLC)ocm30487900
|
| 040 |
|
|
|a CRU
|c CRU
|d TXA
|d UtOrBLW
|
| 049 |
|
|
|a TXAM
|
| 090 |
|
|
|a PQ8519.Q57
|b D33
|
| 100 |
1 |
|
|a Quiroga, Horacio,
|d 1878-1937.
|
| 245 |
1 |
0 |
|a De la vida de nuestros animales.
|
| 264 |
|
1 |
|a Montevideo :
|b ARCA,
|c [1967]
|
| 300 |
|
|
|a 149 pages
|
| 336 |
|
|
|a text
|b txt
|2 rdacontent
|
| 337 |
|
|
|a unmediated
|b n
|2 rdamedia
|
| 338 |
|
|
|a volume
|b nc
|2 rdacarrier
|
| 490 |
0 |
|
|a Obras inéditas y desconocidas de Horacio Quiroga,
|v t. 3
|
| 948 |
|
|
|a cataloged
|b h
|c 2001/9/14
|d c
|e cmulkey
|f 9:11:40 am
|
| 994 |
|
|
|a E0
|b TXA
|
| 999 |
|
|
|a MARS
|
| 999 |
f |
f |
|s 3ed3edb3-2046-362b-9342-96f9dc7d00ff
|i fd5b683a-91e2-38d3-9832-6175e539643e
|t 0
|
| 952 |
f |
f |
|p normal
|a Texas A&M University
|b College Station
|c Sterling C. Evans Library
|d Evans: Library Stacks
|t 0
|e PQ8519.Q57 D33
|h Library of Congress classification
|i unmediated -- volume
|m A14828111686
|
| 998 |
f |
f |
|a PQ8519.Q57 D33
|t 0
|l Evans: Library Stacks
|